000 00244nam a22001097a 4500
082 _a741.642
100 _aHarit , Vikash
_976865
245 _aIndian Folk Tales
260 _aDelhi
_bKumar Pub
_c2019
650 _a Children
_980413
942 _cBK
999 _c63782
_d63782